Ver a Dios con el corazón: la práctica de la oración del corazón

Furkejuvvon:
Bibliográfalaš dieđut
Váldodahkki: Un Cartujo (Dahkki)
Materiálatiipa: Girji
Giella:espánnjágiella
Almmustuhtton: Madrid Narcea S. A de Ediciones 2001
Preanttus:1a. ed
Fáttát:
Fáddágilkorat: Lasit fáddágilkoriid
Eai fáddágilkorat, Lasit vuosttaš fáddágilkora!

MARC

LEADER 00000cam a2200000 a 4500
001 UCC6412
003 CL-VaPUC
008 181207e20010000sp |||||||||||||||||spa|d
020 |a 8427713711 
082 0 4 |a 248.3  |b UNC  |2 21 
100 0 |a Un Cartujo  |e author  |9 600851 
245 1 0 |a Ver a Dios con el corazón: la práctica de la oración del corazón 
250 |a 1a. ed 
300 |a 75 p 
942 |c BK 
945 |d 20181207 13:37:00  |a dcastane 
260 |a Madrid  |b Narcea S. A de Ediciones  |c 2001 
650 0 |a Meditaciones cristianas  |9 401939 
650 0 |a Oración  |9 313348 
583 |a last modification  |c 20181207 13:37:00  |k Rodrigo Vera 
999 |c 373360  |d 373358 
952 |0 0  |1 0  |3 erb  |4 0  |6 248_300000000000000_UNC_2001  |7 0  |8 A  |9 491438  |a BIBTEO  |b BIBTEO  |e Precht Pizarro, Jorge Enrique  |i 5520428  |o 248.3 UNC 2001  |p 5520428  |r 2025-01-17  |w 2019-11-24  |y BK  |z Catalogado en:20181207  |k ICR